000 00377nam a2200145Ia 4500
008 220217s9999||||xx |||||||||||||| ||und||
020 _a978-0-07-064822-7
082 _a005.13 BAL
100 _aBalagurusamy, E
245 0 _aProgramming in ANSCI C
250 _a4th
260 _aTata mcgraw hill
_bNew Delhi
_c2007
300 _b215
650 _aPROGRAMMING LANGUAGE
999 _c176319
_d176319